[Event "XXVIII Festival A"]
[Site "Arco ITA"]
[Date "2006.10.24"]
[Round "4"]
[White "Traversi, Carlo"]
[Black "La Malfa, Stelio"]
[Result "0-1"]
[WhiteElo "1762"]
[BlackElo "1879"]
[PlyCount "48"]
[EventDate "2006.10.21"]

1. e4 e6 2. Nc3 d5 3. d4 Bb4 4. exd5 exd5 5. Bd2 Ne7 6. Nf3 c5 7. Bb5+ Nbc6 8.
O-O O-O 9. dxc5 Bxc5 10. Bd3 h6 11. Ne2 Bg4 12. Ng3 Nd4 13. Bc3 Nxf3+ 14. gxf3
Bh3 15. Qd2 Bxf1 16. Bxg7 Bxd3 17. Qxh6 Ng6 18. Nh5 f6 19. Bxf6 Qd7 20. Bg7 Bf5
21. Re1 Rf7 22. Be5 Bf8 23. Qg5 Qe7 24. Qg3 Qh4 0-1

[Event "XXVIII Festival A"]
[Site "Arco ITA"]
[Date "2006.10.24"]
[Round "4"]
[White "Vezzosi, Paolo"]
[Black "Wohl, Aleksandar H."]
[Result "1-0"]
[WhiteElo "2311"]
[BlackElo "2427"]
[PlyCount "107"]
[EventDate "2006.10.21"]

1. e4 c5 2. Nf3 Nc6 3. Bb5 d6 4. c3 Qa5 5. Na3 Bd7 6. O-O a6 7. Bxc6 Bxc6 8.
Re1 e6 9. d4 cxd4 10. Nxd4 Nf6 11. Nxc6 bxc6 12. Nc4 Qc7 13. Bf4 Rd8 14. Qa4
Qb7 15. Na5 Qb5 16. Qxb5 cxb5 17. a4 e5 18. Bg5 Kd7 19. axb5 axb5 20. Red1 Be7
21. Bxf6 gxf6 22. Rd5 Rb8 23. Nb3 Rhc8 24. Ra7+ Ke8 25. Nd2 Rc6 26. Ra5 b4 27.
c4 Bd8 28. Rab5 Ra8 29. Kf1 Ra2 30. Rxb4 Bb6 31. Ke2 Bd4 32. Rb8+ Kd7 33. Rdb5
Rc8 34. R8b7+ Ke6 35. g4 h5 36. gxh5 f5 37. exf5+ Kxf5 38. Rxf7+ Ke6 39. Rfb7
Rf8 40. Ne4 Rf4 41. f3 Rh4 42. Rd5 Rxh2+ 43. Kd3 Ra6 44. Rh7 Rxb2 45. Rxd6+
Rxd6 46. Rh6+ Ke7 47. Nxd6 Rb3+ 48. Ke4 Re3+ 49. Kd5 Rxf3 50. Rh7+ Kf8 51. h6
Bc3 52. Ne4 Bb2 53. Ke6 Kg8 54. Rb7 1-0

[Event "XXVIII Festival A"]
[Site "Arco ITA"]
[Date "2006.10.24"]
[Round "4"]
[White "Visser, Eddy"]
[Black "Becker, Jonas"]
[Result "1-0"]
[WhiteElo "2140"]
[BlackElo "1922"]
[PlyCount "55"]
[EventDate "2006.10.21"]

1. e4 e6 2. d3 d5 3. Nd2 Nf6 4. Ngf3 c5 5. g3 Nc6 6. Bg2 b5 7. O-O Bd6 8. Re1
Bc7 9. exd5 Nxd5 10. Ne4 Bb6 11. c4 bxc4 12. dxc4 Ndb4 13. Nd6+ Ke7 14. Ng5
Qxd6 15. Qxd6+ Kxd6 16. Nxf7+ Ke7 17. Nxh8 Bd7 18. Bg5+ Kf8 19. Rad1 Nc2 20.
Rxd7 Nxe1 21. Bxc6 Rc8 22. Bb7 Re8 23. Be4 Kg8 24. Nf7 Rf8 25. Ne5 Rc8 26. Bd2
Bc7 27. Nc6 Rf8 28. Bxe1 1-0

[Event "XXVIII Festival A"]
[Site "Arco ITA"]
[Date "2006.10.24"]
[Round "4"]
[White "Vuelban, Virgilio"]
[Black "Teske, Henrik"]
[Result "0-1"]
[WhiteElo "2341"]
[BlackElo "2514"]
[PlyCount "74"]
[EventDate "2006.10.21"]

1. e4 c5 2. Nf3 e6 3. d4 cxd4 4. Nxd4 Nc6 5. Nb5 d6 6. c4 Nf6 7. N1c3 a6 8. Na3
b6 9. Be3 Bb7 10. Qb3 Nd7 11. Be2 Nc5 12. Qd1 Be7 13. Nc2 O-O 14. Qd2 Ne5 15.
f3 Rc8 16. O-O Rc7 17. Rac1 Qa8 18. Nd4 Rfc8 19. b3 Nc6 20. Rfd1 Nxd4 21. Bxd4
Bc6 22. Bf1 Qb8 23. Qf2 Nd7 24. Bd3 b5 25. Qg3 g6 26. h4 bxc4 27. bxc4 Rb7 28.
h5 Bf6 29. Bxf6 Nxf6 30. hxg6 hxg6 31. c5 dxc5 32. Qh4 Kg7 33. Bxa6 Rh8 34. Qg5
Rh5 35. Qe3 Rb2 36. Be2 Qg3 37. Rd2 Ng4 0-1

[Event "XXVIII Festival A"]
[Site "Arco ITA"]
[Date "2006.10.24"]
[Round "4"]
[White "Wagman, Stuart"]
[Black "Mora, Massimo"]
[Result "1-0"]
[WhiteElo "2125"]
[BlackElo "1847"]
[PlyCount "79"]
[EventDate "2006.10.21"]

1. e4 e5 2. Nf3 Nf6 3. Nc3 Nc6 4. Bb5 Bb4 5. O-O O-O 6. d3 d6 7. Bg5 Bxc3 8.
bxc3 h6 9. Bh4 Qe7 10. Re1 Bd7 11. d4 Nxd4 12. Nxd4 c6 13. Bd3 exd4 14. cxd4 g5
15. Bg3 Bg4 16. Qd2 Nd7 17. Rab1 b6 18. f4 f6 19. f5 Rfe8 20. Qb4 c5 21. Qb3+
Kg7 22. Qd5 cxd4 23. Bxd6 Qd8 24. Bb5 Re5 25. Bxe5 Nxe5 26. Qb7+ Kh8 27. h3 Bh5
28. Be2 Be8 29. Bb5 Bf7 30. Kh1 Rc8 31. Qxa7 Rxc2 32. Bf1 Rxa2 33. Qxb6 Qxb6
34. Rxb6 d3 35. Rd1 Bc4 36. Rxf6 Bb3 37. Rb1 Bc2 38. Rb7 Kg8 39. Re6 Ra8 40.
Rxe5 1-0

[Event "XXVIII Festival A"]
[Site "Arco ITA"]
[Date "2006.10.24"]
[Round "4"]
[White "Watson, Ron"]
[Black "Weinberg, Emanuele"]
[Result "1/2-1/2"]
[WhiteElo "2112"]
[BlackElo "1956"]
[PlyCount "102"]
[EventDate "2006.10.21"]

1. d4 Nf6 2. Bg5 Ne4 3. Bf4 d5 4. f3 Nf6 5. Nd2 Bf5 6. g4 Bg6 7. e3 e6 8. h4 h5
9. g5 Nfd7 10. Ne2 c5 11. Bh3 Nc6 12. c3 cxd4 13. exd4 Nb6 14. Bh2 Bf5 15. Bxf5
exf5 16. Qc2 g6 17. O-O-O Qd7 18. Kb1 Bd6 19. Nc1 O-O 20. Nd3 Bxh2 21. Rxh2 Qd6
22. f4 Rac8 23. Nf3 Nc4 24. Re2 b5 25. Nfe5 Nxd4 26. cxd4 Nxe5 27. Nxe5 Rxc2
28. Rxc2 a5 29. Rc6 Qb4 30. Rc5 Qa4 31. b3 Qb4 32. Nd7 Ra8 33. Nf6+ Kf8 34.
Nxd5 Qa3 35. Ne3 Rd8 36. Rxb5 Qd6 37. Rd5 Qb8 38. Rxd8+ Qxd8 39. d5 Qe8 40. Nc4
Qe4+ 41. Kb2 Qxf4 42. d6 Ke8 43. Rd5 Qg4 44. Re5+ Kd8 45. Rxa5 Qe2+ 46. Ka3 Qd1
47. Ra8+ Kd7 48. Ra7+ Kd8 49. Ka4 Qd4 50. Rxf7 Qe4 51. Rf8+ Kd7 1/2-1/2

[Event "XXVIII Festival A"]
[Site "Arco ITA"]
[Date "2006.10.25"]
[Round "5"]
[White "Aagaard, Jacob"]
[Black "Heinig, Wolfram"]
[Result "1-0"]
[WhiteElo "2464"]
[BlackElo "2364"]
[PlyCount "89"]
[EventDate "2006.10.21"]

1. e4 c6 2. d4 d5 3. exd5 cxd5 4. c4 Nf6 5. Nc3 e6 6. Nf3 Be7 7. cxd5 Nxd5 8.
Bc4 Nf6 9. O-O O-O 10. Re1 Nc6 11. a3 a6 12. Ba2 b5 13. d5 exd5 14. Nxd5 Nxd5
15. Qxd5 Bb7 16. Qh5 Qd6 17. Bg5 Rad8 18. Bxe7 Nxe7 19. Ng5 Qg6 20. Qxh7+ Qxh7
21. Nxh7 Kxh7 22. Rxe7 Bd5 23. Bxd5 Rxd5 24. Rae1 Rd2 25. R7e2 Rfd8 26. h4 Kg6
27. g3 a5 28. Kf1 R8d4 29. Rxd2 Rxd2 30. Re2 Rd1+ 31. Kg2 Rd3 32. Re3 Rd2 33.
Rb3 Rd5 34. Kf3 Re5 35. Rd3 Rc5 36. Ke3 f6 37. f3 Rc2 38. Rb3 b4 39. axb4 a4
40. Ra3 Rxb2 41. Rxa4 Rb3+ 42. Ke4 Kh6 43. g4 Kg6 44. Kd5 Rxf3 45. b5 1-0

[Event "XXVIII Festival A"]
[Site "Arco ITA"]
[Date "2006.10.25"]
[Round "5"]
[White "Acunzo, Domenico"]
[Black "Astengo, Corrado"]
[Result "0-1"]
[WhiteElo "1778"]
[BlackElo "2128"]
[PlyCount "56"]
[EventDate "2006.10.21"]

1. e4 c5 2. Nf3 d6 3. h3 Nf6 4. c3 Nc6 5. d4 cxd4 6. cxd4 d5 7. e5 Ne4 8. Qa4
Bd7 9. Bb5 a6 10. Bxc6 Bxc6 11. Qb3 e6 12. O-O Be7 13. Be3 O-O 14. Na3 Qd7 15.
Rfc1 Rac8 16. Qd3 f5 17. g3 Qe8 18. Kh2 g5 19. Rg1 Kh8 20. Rg2 Qh5 21. Ng1 f4
22. g4 Qf7 23. f3 fxe3 24. Qxe3 Qf4+ 25. Qxf4 gxf4 26. fxe4 dxe4 27. Nc2 e3 28.
Re2 Bh4 0-1

[Event "XXVIII Festival A"]
[Site "Arco ITA"]
[Date "2006.10.25"]
[Round "5"]
[White "Agostini, Guillermo"]
[Black "Ferrari, Michele"]
[Result "1-0"]
[WhiteElo "2010"]
[BlackElo "1843"]
[PlyCount "65"]
[EventDate "2006.10.21"]

1. d4 d5 2. c4 e6 3. Nc3 f5 4. Bf4 c6 5. e3 Nf6 6. a3 Bd6 7. Bxd6 Qxd6 8. c5
Qc7 9. f4 O-O 10. Nf3 Bd7 11. Bd3 Be8 12. O-O Qe7 13. Qe1 Ne4 14. Ne5 Nd7 15.
b4 a6 16. Bxe4 fxe4 17. g4 Nxe5 18. dxe5 Rd8 19. Ne2 Bg6 20. Nd4 h5 21. h3 hxg4
22. hxg4 Rde8 23. Qg3 Bh7 24. Ra2 Rf7 25. Rh2 g5 26. Rh6 gxf4 27. Rxf4 Qd7 28.
Rxf7 Qxf7 29. Rf6 Qg7 30. Kf2 Qd7 31. Qf4 Re7 32. Rf8+ Kg7 33. Qf6# 1-0

[Event "XXVIII Festival A"]
[Site "Arco ITA"]
[Date "2006.10.25"]
[Round "5"]
[White "Barlotti, Gabriele"]
[Black "Traversi, Carlo"]
[Result "1/2-1/2"]
[WhiteElo "1676"]
[BlackElo "1762"]
[PlyCount "40"]
[EventDate "2006.10.21"]

1. d4 Nf6 2. c4 g6 3. Nc3 d5 4. cxd5 Nxd5 5. e4 Nxc3 6. bxc3 Bg7 7. Bc4 O-O 8.
Ne2 c5 9. Be3 cxd4 10. cxd4 Nc6 11. O-O Na5 12. Bd3 b6 13. Qd2 Bb7 14. Bh6 Rc8
15. Bxg7 Kxg7 16. Rac1 Qd7 17. f3 Rxc1 18. Rxc1 Rc8 19. d5 Kg8 20. Rxc8+ Qxc8
1/2-1/2

[Event "XXVIII Festival A"]
[Site "Arco ITA"]
[Date "2006.10.25"]
[Round "5"]
[White "Bernardi, Ruben"]
[Black "Happel, Hendrik A."]
[Result "1-0"]
[WhiteElo "2114"]
[BlackElo "2213"]
[PlyCount "47"]
[EventDate "2006.10.21"]

1. e4 e6 2. d3 d5 3. Nd2 Nf6 4. g3 c5 5. Bg2 Nc6 6. Ngf3 Be7 7. O-O b6 8. Re1
Bb7 9. a3 Qc7 10. Qe2 dxe4 11. dxe4 Nd4 12. Nxd4 cxd4 13. e5 Nd7 14. Bxb7 Qxb7
15. Nf3 Rd8 16. Nxd4 O-O 17. c3 Nb8 18. Qg4 Kh8 19. h4 Rd5 20. Bf4 Rfd8 21. Re4
Nc6 22. Nxc6 Qxc6 23. Rae1 Qb5 24. c4 1-0

[Event "XXVIII Festival A"]
[Site "Arco ITA"]
[Date "2006.10.25"]
[Round "5"]
[White "Bortolotti, Silvano"]
[Black "Marini, Lucio"]
[Result "1/2-1/2"]
[WhiteElo "1744"]
[BlackElo "1902"]
[PlyCount "80"]
[EventDate "2006.10.21"]

1. e4 e6 2. Nf3 d5 3. e5 Ne7 4. d4 c5 5. c3 b6 6. Bd3 Nec6 7. O-O Ba6 8. Re1
Bxd3 9. Qxd3 c4 10. Qe2 Nd7 11. Ng5 Qe7 12. Nf3 h6 13. a4 Na5 14. Nfd2 Nb8 15.
Na3 a6 16. f4 g6 17. Qf3 Qb7 18. Nc2 h5 19. Ne3 Nbc6 20. Nxd5 exd5 21. Qxd5 Ne7
22. Qxb7 Nxb7 23. Nxc4 Nd5 24. Bd2 Kd7 25. e6+ Ke7 26. exf7+ Kxf7 27. Ne5+ Kg7
28. c4 Bb4 29. Bxb4 Nxb4 30. Rac1 Rac8 31. b3 Rhd8 32. Rcd1 Na5 33. Re3 Kf6 34.
Nf3 Re8 35. Rxe8 Rxe8 36. Ne5 Rd8 37. d5 Nb7 38. Nd3 Nxd3 39. Rxd3 Nc5 40. Re3
a5 1/2-1/2

[Event "XXVIII Festival A"]
[Site "Arco ITA"]
[Date "2006.10.25"]
[Round "5"]
[White "Bossoni, Mario"]
[Black "Watson, Ron"]
[Result "0-1"]
[WhiteElo "1970"]
[BlackElo "2112"]
[PlyCount "64"]
[EventDate "2006.10.21"]

1. e4 e6 2. Nf3 d5 3. e5 c5 4. b4 cxb4 5. d4 Nc6 6. a3 Qb6 7. axb4 Bxb4+ 8. c3
Be7 9. Bd3 Bd7 10. O-O Rc8 11. Na3 a6 12. Bd2 Na5 13. Rb1 Qc7 14. Nc2 Nc4 15.
Bxc4 Qxc4 16. Ne3 Qc7 17. c4 dxc4 18. d5 exd5 19. Nxd5 Qc6 20. Bc3 Be6 21. Nxe7
Nxe7 22. Nd4 Qc7 23. Nxe6 fxe6 24. Qg4 Nf5 25. Bb4 Kf7 26. Qf3 Qc6 27. Qf4 Rhd8
28. Bd6 Kg8 29. Rfd1 b5 30. Qg5 Nxd6 31. exd6 Rxd6 32. Qe7 Rcd8 0-1

[Event "XXVIII Festival A"]
[Site "Arco ITA"]
[Date "2006.10.25"]
[Round "5"]
[White "Bozzao, Francesco"]
[Black "Lupini, Stefano"]
[Result "1/2-1/2"]
[WhiteElo "1972"]
[BlackElo "1790"]
[PlyCount "67"]
[EventDate "2006.10.21"]

1. e4 c5 2. Nf3 e6 3. c3 Nf6 4. e5 Nd5 5. Bc4 Nb6 6. Bb3 d6 7. d4 cxd4 8. cxd4
dxe5 9. dxe5 Qxd1+ 10. Bxd1 Bb4+ 11. Nbd2 Bd7 12. Be2 Bc6 13. O-O O-O 14. a3
Be7 15. Nb3 Bd5 16. Nbd4 a6 17. Bg5 Bxg5 18. Nxg5 h6 19. Ngf3 N8d7 20. Rac1
Rac8 21. b3 Nc5 22. Nd2 Ne4 23. Nxe4 Bxe4 24. f4 Nd5 25. g3 Rfd8 26. Bf3 Bxf3
27. Rxc8 Rxc8 28. Rxf3 Rc1+ 29. Rf1 Rc3 30. Rd1 Ne3 31. Rd2 Kf8 32. Kf2 Ng4+
33. Kg2 Ne3+ 34. Kf2 1/2-1/2

[Event "XXVIII Festival A"]
[Site "Arco ITA"]
[Date "2006.10.25"]
[Round "5"]
[White "Burani, Eugenio"]
[Black "Salati, Paolo"]
[Result "1-0"]
[WhiteElo "2023"]
[BlackElo "1921"]
[PlyCount "45"]
[EventDate "2006.10.21"]

1. e4 Nf6 2. e5 Nd5 3. d4 d6 4. Nf3 Bg4 5. Be2 e6 6. O-O Nc6 7. exd6 Bxd6 8. c4
Nf6 9. Nc3 O-O 10. Be3 a6 11. a3 Re8 12. b4 e5 13. d5 Bxf3 14. Bxf3 Nb8 15. Bg5
c5 16. bxc5 Bxc5 17. Ne4 Nbd7 18. Bg4 Qc7 19. Bxd7 Nxd7 20. Qg4 Be7 21. Bxe7 h5
22. Qxh5 Qxc4 23. Ng5 1-0

[Event "XXVIII Festival A"]
[Site "Arco ITA"]
[Date "2006.10.25"]
[Round "5"]
[White "Cardili, Mariano"]
[Black "Ager, Josef"]
[Result "1/2-1/2"]
[WhiteElo "2079"]
[BlackElo "2196"]
[PlyCount "103"]
[EventDate "2006.10.21"]

1. d4 Nf6 2. c4 g6 3. Nc3 Bg7 4. e4 d6 5. Nf3 O-O 6. Be2 Nbd7 7. O-O e5 8. Re1
b6 9. d5 Nc5 10. Bf1 a5 11. Rb1 Bd7 12. b3 h6 13. Be3 Nh5 14. Bxc5 bxc5 15. a3
f5 16. b4 axb4 17. axb4 cxb4 18. Rxb4 Nf4 19. g3 fxe4 20. Nxe4 Nh3+ 21. Kg2 Bg4
22. Be2 Ra2 23. Rb3 h5 24. Ng1 Bf5 25. f3 Ng5 26. Nxg5 Qxg5 27. Qc1 Qe7 28. Rb2
Rfa8 29. Rxa2 Rxa2 30. Qe3 Qd7 31. Kh1 Kh7 32. Bd3 Ra3 33. Rd1 Qa4 34. Qe2 Ra2
35. Rd2 Rxd2 36. Qxd2 Bh6 37. Qe2 Qa1 38. Bxf5 gxf5 39. Kg2 Qd4 40. Qc2 Kg6 41.
Ne2 Qe3 42. g4 hxg4 43. fxg4 e4 44. gxf5+ Kxf5 45. Ng3+ Kf4 46. Qf2+ Qf3+ 47.
Qxf3+ exf3+ 48. Kf2 Bg5 49. Nh5+ Ke4 50. Ng3+ Kf4 51. Nh5+ Ke4 52. Ng3+ 1/2-1/2

[Event "XXVIII Festival A"]
[Site "Arco ITA"]
[Date "2006.10.25"]
[Round "5"]
[White "Castellano, Alfonso"]
[Black "Ricci, Alfredo"]
[Result "1/2-1/2"]
[WhiteElo "1926"]
[BlackElo "2059"]
[PlyCount "31"]
[EventDate "2006.10.21"]

1. c4 Nf6 2. Nc3 g6 3. g3 Bg7 4. Bg2 O-O 5. e4 d6 6. Nge2 Nbd7 7. O-O c6 8. d4
e5 9. h3 a5 10. Be3 c5 11. dxc5 dxc5 12. Qc2 b6 13. Rad1 Bb7 14. Nb5 Qe7 15.
Nec3 Rad8 16. Na4 1/2-1/2

[Event "XXVIII Festival A"]
[Site "Arco ITA"]
[Date "2006.10.25"]
[Round "5"]
[White "Catalano, Luigi"]
[Black "Antoniacci, Riccardo"]
[Result "0-1"]
[WhiteElo "1808"]
[BlackElo "1969"]
[PlyCount "112"]
[EventDate "2006.10.21"]

1. e4 e5 2. Nf3 Nc6 3. Bc4 Nf6 4. Nc3 Bb4 5. O-O d6 6. h3 O-O 7. d3 h6 8. a3
Ba5 9. Bd2 a6 10. Ba2 b5 11. b4 Bb6 12. Kh1 Ne7 13. Be3 Bxe3 14. fxe3 Bb7 15.
Nh4 d5 16. Nf5 Nxf5 17. Rxf5 dxe4 18. Rxe5 Qd6 19. Rf5 exd3 20. cxd3 Qg3 21. e4
Rad8 22. Qf3 Rxd3 23. Qxg3 Rxg3 24. Rf3 Rxf3 25. gxf3 Rd8 26. Rd1 Rxd1+ 27.
Nxd1 Nd7 28. Nc3 c5 29. bxc5 Nxc5 30. Kg2 Kf8 31. Kf2 f6 32. h4 Ke7 33. Ke3 Kd6
34. Kf4 Bc8 35. Ke3 Ne6 36. f4 Nf8 37. f5 g5 38. hxg5 hxg5 39. Nd5 Ke5 40. Ne7
Bb7 41. Ng6+ Nxg6 42. fxg6 Bxe4 43. g7 Bh7 44. g8=Q Bxg8 45. Bxg8 a5 46. Bf7 f5
47. Bb3 g4 48. Kf2 f4 49. Bc2 b4 50. a4 Kd4 51. Bd1 g3+ 52. Ke1 Ke3 53. Kf1 f3
54. Kg1 f2+ 55. Kg2 Kd2 56. Bf3 Ke1 0-1

[Event "XXVIII Festival A"]
[Site "Arco ITA"]
[Date "2006.10.25"]
[Round "5"]
[White "Cracco, Pietro"]
[Black "Becker, Jonas"]
[Result "1/2-1/2"]
[WhiteElo "2039"]
[BlackElo "1922"]
[PlyCount "47"]
[EventDate "2006.10.21"]

1. c4 e5 2. g3 c6 3. Nc3 f5 4. Bg2 Nf6 5. d3 d6 6. e4 g6 7. Nge2 Be6 8. b3 Bg7
9. h3 Qd7 10. Be3 Na6 11. Qd2 O-O 12. Rd1 d5 13. exf5 Bxf5 14. Bh6 Nb4 15. Nc1
dxc4 16. Bxg7 Kxg7 17. dxc4 Nc2+ 18. Kf1 Qxd2 19. Rxd2 Rad8 20. Rxd8 Rxd8 21.
Ke2 Nd4+ 22. Ke3 Nc2+ 23. Ke2 e4 24. g4 1/2-1/2

[Event "XXVIII Festival A"]
[Site "Arco ITA"]
[Date "2006.10.25"]
[Round "5"]
[White "Crea, Vincenzo"]
[Black "De Nisi, Mario"]
[Result "1-0"]
[WhiteElo "2092"]
[BlackElo "1961"]
[PlyCount "158"]
[EventDate "2006.10.21"]

1. d4 Nf6 2. Nf3 d5 3. Bf4 Bf5 4. e3 e6 5. c4 Bxb1 6. Rxb1 Bb4+ 7. Ke2 Bd6 8.
c5 Bxf4 9. exf4 O-O 10. Ne5 Nfd7 11. g3 f6 12. Nxd7 Nxd7 13. Bh3 Qe8 14. Kf3
Qf7 15. Kg2 Rae8 16. Re1 h6 17. Bg4 f5 18. Be2 Nf6 19. h4 h5 20. b4 a6 21. b5
axb5 22. Rxb5 c6 23. Rb6 Ra8 24. Qb3 Ra7 25. Rb1 Rfa8 26. Rb2 Kh7 27. Bd1 Qc7
28. a4 Qc8 29. Rxb7 Rxb7 30. Qxb7 Kg6 31. Qxc8 Rxc8 32. Rb6 Nd7 33. Rb7 Nf6 34.
Re7 Ne4 35. Rb7 Nc3 36. Bc2 Ne4 37. Rb6 Nd2 38. Rb4 Kf6 39. f3 Nc4 40. Kf2 Na5
41. Bd3 Ke7 42. Rb6 Ra8 43. Ke2 Kd7 44. Kd2 Kc7 45. Kc3 Ra7 46. Be2 Ra8 47. Kb4
Ra7 48. Ba6 Nc4 49. Bxc4 dxc4 50. Ka3 Rb7 51. a5 Rb8 52. Kb4 Ra8 53. a6 Rb8 54.
Ka5 c3 55. a7 Ra8 56. Rb3 Rxa7+ 57. Kb4 c2 58. Rc3 Ra1 59. Rxc2 Rg1 60. Re2 Kd7
61. Ra2 Rxg3 62. Ra7+ Kd8 63. Ka5 Rxf3 64. Kb6 Rxf4 65. d5 cxd5 66. Kc6 Rxh4
67. Kd6 Kc8 68. c6 Kb8 69. c7+ Kxa7 70. c8=Q Rc4 71. Qxe6 Rb4 72. Kc5 Rb1 73.
Qf7+ Rb7 74. Qxf5 h4 75. Qxd5 h3 76. Qa2+ Kb8 77. Qh2+ Ka7 78. Qxh3 g5 79. Qa3+
Kb8 1-0

[Event "XXVIII Festival A"]
[Site "Arco ITA"]
[Date "2006.10.25"]
[Round "5"]
[White "Dalla Vecchia, Paolo"]
[Black "Buck, Klaus-Michael"]
[Result "1-0"]
[WhiteElo "1802"]
[BlackElo "1665"]
[PlyCount "81"]
[EventDate "2006.10.21"]

1. d4 e6 2. Nf3 d5 3. Bf4 Nf6 4. Nbd2 Nbd7 5. e3 Nh5 6. Bg5 Nhf6 7. Bd3 Be7 8.
Qe2 h6 9. Bh4 c5 10. c3 a6 11. O-O O-O 12. Rfe1 b6 13. e4 Bb7 14. e5 Nh7 15.
Bg3 c4 16. Bc2 Re8 17. h3 b5 18. Nh2 Ndf8 19. f4 Bh4 20. Qg4 Bxg3 21. Qxg3 f5
22. exf6 Nxf6 23. Ng4 Nxg4 24. Qxg4 Qf6 25. Nf3 Nd7 26. Bg6 Re7 27. Ne5 Nf8 28.
Re2 Nxg6 29. Nxg6 Ree8 30. Re5 Kh7 31. Nh4 Re7 32. Rae1 Rae8 33. Nf3 Bc8 34.
Qh4 Qxh4 35. Nxh4 g6 36. g4 Rf8 37. f5 g5 38. Ng6 Ref7 39. Nxf8+ Rxf8 40. fxe6
Bb7 41. Rf1 1-0

[Event "XXVIII Festival A"]
[Site "Arco ITA"]
[Date "2006.10.25"]
[Round "5"]
[White "Dalponte, Dino"]
[Black "Murli, Almerico"]
[Result "1-0"]
[WhiteElo "2140"]
[BlackElo "1889"]
[PlyCount "57"]
[EventDate "2006.10.21"]

1. d4 Nf6 2. Nf3 g6 3. Nbd2 Bg7 4. e4 d6 5. Be2 O-O 6. h3 e5 7. d5 a5 8. O-O
Na6 9. Bb5 Nc5 10. Qe2 Nh5 11. Nb3 Nxb3 12. axb3 Bd7 13. Bxd7 Qxd7 14. c4 b6
15. Be3 f5 16. Ng5 f4 17. Bd2 Bf6 18. Ne6 Rfe8 19. Kh2 Ng7 20. Nxg7 Bxg7 21.
Ra4 c6 22. dxc6 Qxc6 23. Rd1 Bf8 24. Qd3 Rab8 25. Bc3 b5 26. Rxa5 bxc4 27. bxc4
Rec8 28. c5 dxc5 29. Qc4+ 1-0

[Event "XXVIII Festival A"]
[Site "Arco ITA"]
[Date "2006.10.25"]
[Round "5"]
[White "Del Nevo, Claudio"]
[Black "Ludovici, Roberto"]
[Result "1/2-1/2"]
[WhiteElo "1917"]
[BlackElo "1774"]
[PlyCount "88"]
[EventDate "2006.10.21"]

1. d4 d5 2. Nf3 Nf6 3. Bg5 e6 4. e3 Be7 5. Bxf6 Bxf6 6. Bd3 c5 7. c3 cxd4 8.
exd4 Nc6 9. Nbd2 O-O 10. Qc2 h6 11. g4 e5 12. dxe5 Nxe5 13. Nxe5 Bxe5 14. h3
Qb6 15. Rf1 Bf4 16. O-O-O Bd7 17. Kb1 Rac8 18. Bf5 Be6 19. Nb3 Rc4 20. Nd4 Rfc8
21. Qb3 Qa6 22. Bd3 b5 23. Bxc4 bxc4 24. Qb5 Qd6 25. Nxe6 fxe6 26. Rfe1 Be5 27.
Qb4 Qc7 28. Re3 Bd6 29. Qa4 Qf7 30. Qa6 Rd8 31. f3 e5 32. Qc6 Bc7 33. Rde1 Kh7
34. f4 Rd6 35. Qb7 Rd7 36. Qc8 e4 37. f5 Bb6 38. R3e2 Qe7 39. Rd1 e3 40. Qc6
Qe4+ 41. Kc1 Rd8 42. Qe6 Qf3 43. Rde1 Qxh3 44. Qg6+ Kh8 1/2-1/2

[Event "XXVIII Festival A"]
[Site "Arco ITA"]
[Date "2006.10.25"]
[Round "5"]
[White "Di Lazzaro, Gabriele"]
[Black "Romagnoli, Roberto"]
[Result "1/2-1/2"]
[WhiteElo "1986"]
[BlackElo "2138"]
[PlyCount "48"]
[EventDate "2006.10.21"]

1. e4 e6 2. d4 d5 3. Nd2 Nf6 4. e5 Nfd7 5. Bd3 c5 6. c3 Nc6 7. Ngf3 b6 8. O-O
Be7 9. a3 a5 10. Qe2 O-O 11. Re1 Bb7 12. Nf1 Qc8 13. Be3 Ba6 14. Ng3 Bxd3 15.
Qxd3 Qa6 16. Qd2 Rac8 17. Bg5 cxd4 18. cxd4 Bxg5 19. Nxg5 h6 20. Nf3 Ne7 21.
Rac1 Rxc1 22. Rxc1 Rc8 23. Rxc8+ Qxc8 24. h3 Qc4 1/2-1/2

[Event "XXVIII Festival A"]
[Site "Arco ITA"]
[Date "2006.10.25"]
[Round "5"]
[White "Dittmar, Peter"]
[Black "Blagojevic, Dragisa"]
[Result "1/2-1/2"]
[WhiteElo "2365"]
[BlackElo "2534"]
[PlyCount "38"]
[EventDate "2006.10.21"]

1. d4 d5 2. c4 e6 3. Nc3 c6 4. cxd5 exd5 5. Bf4 Bd6 6. Bg3 Ne7 7. e3 Nf5 8. Bd3
Nxg3 9. hxg3 Nd7 10. Nge2 Nf6 11. Qc2 Qe7 12. O-O-O h6 13. Kb1 Bd7 14. Rc1 O-O
15. Nf4 Rfe8 16. Nh5 Ne4 17. Nxe4 dxe4 18. Be2 Rac8 19. Nf4 c5 1/2-1/2

[Event "XXVIII Festival A"]
[Site "Arco ITA"]
[Date "2006.10.25"]
[Round "5"]
[White "Drasko, Milan"]
[Black "Bronznik, Valerij"]
[Result "1/2-1/2"]
[WhiteElo "2547"]
[BlackElo "2391"]
[PlyCount "47"]
[EventDate "2006.10.21"]

1. Nf3 f5 2. g3 g6 3. d4 Nf6 4. c3 Bg7 5. Qb3 d5 6. Bg2 O-O 7. O-O e6 8. Rd1
Ne4 9. c4 c6 10. Nc3 Kh8 11. Bf4 Nd7 12. h4 b6 13. Nxe4 fxe4 14. Ne5 Nxe5 15.
Bxe5 Bxe5 16. dxe5 Qe7 17. Qe3 Bb7 18. f4 exf3 19. exf3 c5 20. f4 d4 21. Qa3
Bxg2 22. Kxg2 Rad8 23. Qf3 Qf7 24. Rd3 1/2-1/2

[Event "XXVIII Festival A"]
[Site "Arco ITA"]
[Date "2006.10.25"]
[Round "5"]
[White "Gestrich, Wolfgang"]
[Black "Rametta, Marcello"]
[Result "1/2-1/2"]
[WhiteElo "1762"]
[BlackElo "1780"]
[PlyCount "54"]
[EventDate "2006.10.21"]

1. c4 e5 2. Nc3 c6 3. e4 Nf6 4. Nf3 d6 5. d3 Be7 6. Be2 Bg4 7. h3 Bh5 8. O-O
Nbd7 9. Nh2 Bxe2 10. Qxe2 Qc7 11. Be3 O-O 12. f4 exf4 13. Bxf4 Nc5 14. Bg5 Ne6
15. Bxf6 Bxf6 16. Kh1 Be5 17. Nf3 Nd4 18. Qd1 Nxf3 19. Rxf3 Bd4 20. Qd2 Rae8
21. Ne2 Bf6 22. Raf1 Re6 23. b3 Qe7 24. Rf5 Rd8 25. Ng3 g6 26. R5f3 Bg5 27. Qf2
f6 1/2-1/2

[Event "XXVIII Festival A"]
[Site "Arco ITA"]
[Date "2006.10.25"]
[Round "5"]
[White "Giaracuni, Claudio"]
[Black "Morselli, Stefano"]
[Result "0-1"]
[WhiteElo "1652"]
[BlackElo "1896"]
[PlyCount "48"]
[EventDate "2006.10.21"]

1. e4 g6 2. d4 Bg7 3. Nc3 d6 4. Be3 Nf6 5. Be2 c5 6. Nf3 cxd4 7. Nxd4 Nc6 8.
O-O O-O 9. Kh1 Bd7 10. Qd2 a6 11. f4 Rc8 12. Rad1 Qc7 13. f5 b5 14. a3 Qb7 15.
fxg6 hxg6 16. Bh6 Ne5 17. Bxg7 Kxg7 18. Rde1 Rh8 19. Qf4 Rh6 20. Bd1 Rch8 21.
h3 Qb6 22. Nd5 Nxd5 23. exd5 Rh4 24. Bg4 Rxg4 0-1

[Event "XXVIII Festival A"]
[Site "Arco ITA"]
[Date "2006.10.25"]
[Round "5"]
[White "Hackbarth, Wolfgang"]
[Black "Friedrich, Norbert"]
[Result "1/2-1/2"]
[WhiteElo "2137"]
[BlackElo "2309"]
[PlyCount "92"]
[EventDate "2006.10.21"]

1. c4 e5 2. Nc3 Nf6 3. Nf3 Nc6 4. g3 d5 5. cxd5 Nxd5 6. d3 Be7 7. Bg2 Nb6 8.
O-O O-O 9. b3 Re8 10. Bb2 Bf8 11. Rc1 Bg4 12. Ne4 Nd4 13. Nxd4 exd4 14. h3 Be6
15. Qc2 c6 16. Nc5 Bc8 17. Qd2 a5 18. e4 dxe3 19. fxe3 Qg5 20. Ne4 Qg6 21. Rf6
Qh5 22. Rcf1 Rxe4 23. g4 Qg5 24. Rxf7 Re8 25. Qf2 Be6 26. Rxb7 Nd5 27. e4 Nb4
28. Qg3 Re7 29. h4 Qc5+ 30. d4 Qc2 31. Rxe7 Bxe7 32. Qe5 Qxb2 33. Qxe6+ Kh8 34.
Qxe7 Qxd4+ 35. Kh1 h6 36. g5 hxg5 37. hxg5 Nd3 38. g6 Nf2+ 39. Kh2 Ng4+ 40. Kg3
Qe5+ 41. Qxe5 Nxe5 42. Rc1 a4 43. Rc5 axb3 44. axb3 Re8 45. Bh3 Nxg6 46. Rxc6
Rxe4 1/2-1/2

[Event "XXVIII Festival A"]
[Site "Arco ITA"]
[Date "2006.10.25"]
[Round "5"]
[White "Huettemann, Ralf"]
[Black "Wagman, Stuart"]
[Result "0-1"]
[WhiteElo "1949"]
[BlackElo "2125"]
[PlyCount "90"]
[EventDate "2006.10.21"]

1. e4 e5 2. Nf3 Nc6 3. Bc4 Nf6 4. d3 Bc5 5. O-O d6 6. c3 O-O 7. b4 Bb6 8. a4 a5
9. b5 Ne7 10. Be3 Bxe3 11. fxe3 Ng6 12. Ra2 Qe7 13. Re2 c6 14. Bb3 d5 15. exd5
cxd5 16. Bc2 e4 17. dxe4 dxe4 18. Nd4 Bg4 19. Qe1 Bxe2 20. Qxe2 Rac8 21. Bb3
Rc5 22. c4 Rg5 23. Qe1 Qe5 24. Nc3 Nd7 25. Nd5 Nc5 26. Bd1 Nd3 27. Qxa5 Nh4 28.
g4 Nf3+ 29. Bxf3 exf3 30. Nxf3 Rxg4+ 31. Kh1 Qe4 32. Qd2 Qxc4 33. Ne7+ Kh8 34.
Nd4 Ne5 35. Rc1 Qxa4 36. h3 Rg5 37. Qf2 Qa3 38. Rc7 Qd6 39. Rxb7 h6 40. Qf4 Ra8
41. Qf1 Ng6 42. h4 Rg4 43. Ndf5 Qe5 44. Qb1 Ra1 45. Rb8+ Kh7 0-1